00682nam a2200193 i 4500001000700000003000900007005001700016008004100033020002200074245009200096260005400188300003500242504006600277650002500343650002300368700002000391700002400411852005300435182497ES-MaACL20250812050900.0130909s2009 xxu |||| | eng d a978-0-521-13083-700aRepresentations of war in ancient Rome / cedited by Sheila Dillon, Katherine E. Welch. aCambridge : bCambridge University Press, c2009. aXIV, 365 p. : bil. ; c27 cm. aIncluye referencias bibliográficas (p. 321-348) e índice. 4aGuerra-xEn el arte.07aArte romano2embne1 aDillon, Sheila.1 aWelch, Katherine E. aES-MaACLjA-12883bR.149850cDEPO1dOlim: N-5883